Nenne alle Champions League/Europapokal der Landesmeister Sieger - Statistiken

Allgemein
  • Dieses Quiz wurde 295 mal gespielt
  • Das Durchschnittsergebnis liegt bei 52 aus 67
Antwortstatistiken
Jahr Sieger % Korrekt
1956 Real Madrid
99%
1957 Real Madrid
99%
1958 Real Madrid
99%
1959 Real Madrid
99%
1960 Real Madrid
99%
1966 Real Madrid
99%
1998 Real Madrid
99%
2000 Real Madrid
99%
2002 Real Madrid
99%
2014 Real Madrid
99%
2016 Real Madrid
99%
2017 Real Madrid
99%
2018 Real Madrid
99%
2022 Real Madrid
99%
1974 Bayern München
90%
1975 Bayern München
90%
1976 Bayern München
90%
2001 Bayern München
90%
2013 Bayern München
90%
2020 Bayern München
90%
1992 FC Barcelona
87%
2006 FC Barcelona
87%
2009 FC Barcelona
87%
2011 FC Barcelona
87%
2015 FC Barcelona
87%
1977 FC Liverpool
85%
1978 FC Liverpool
85%
1981 FC Liverpool
85%
1984 FC Liverpool
85%
2005 FC Liverpool
85%
2019 FC Liverpool
85%
1964 Inter Mailand
82%
1965 Inter Mailand
82%
2010 Inter Mailand
82%
1963 AC Mailand
81%
1969 AC Mailand
81%
1989 AC Mailand
81%
1990 AC Mailand
81%
1994 AC Mailand
81%
2003 AC Mailand
81%
2007 AC Mailand
81%
1968 Manchester United
80%
1999 Manchester United
80%
2008 Manchester United
80%
1997 Borussia Dortmund
79%
2012 FC Chelsea
76%
2021 FC Chelsea
76%
1996 Juventus Turin
73%
1971 Ajax Amsterdam
70%
1972 Ajax Amsterdam
70%
1973 Ajax Amsterdam
70%
1995 Ajax Amsterdam
70%
1987 FC Porto
67%
2004 FC Porto
67%
1983 Hamburger SV
65%
1961 Benfica Lissabon
58%
1962 Benfica Lissabon
58%
1979 Nottingham Forest
52%
1980 Nottingham Forest
52%
1991 Roter Stern Belgrad
50%
1993 Olympique Marseille
47%
1967 Celtic Glasgow
38%
1988 PSV Eindhoven
37%
1982 Aston Villa
35%
1986 Steaua Bukarest
34%
1970 Feyenoord Rotterdam
31%
1985 Juvenrus Turin
2%
Keine übereinstimmenden Quizze gefunden
Verteilung der Resultate
Anzahl Personen mit jedem Resultat
Perzentil nach korrekt beantworteten Fragen
Ihre Resultats-Entwicklung
Sie haben dieses Quiz noch nicht gespielt